[Event "Superbet POL Blitz 2024"]
[Site "Warsaw POL"]
[Date "2024.05.12"]
[Round "17.1"]
[White "Erigaisi, Arjun"]
[Black "Duda, Jan-Krzysztof"]
[Result "0-1"]
[WhiteTitle "GM"]
[BlackTitle "GM"]
[WhiteElo "2762"]
[BlackElo "2734"]
[WhiteFideId "35009192"]
[BlackFideId "1170546"]
[EventDate "2024.05.11"]

1. d4 Nf6 2. c4 e6 3. Nf3 d5 4. cxd5 exd5 5. Bf4 c6 6. Nc3 Bf5 7. e3 Nbd7 8. h3
Bg6 9. Nh4 Nh5 10. Nxg6 hxg6 11. Bh2 Nb6 12. Bd3 Bd6 13. Bxd6 Qxd6 14. Qc2 Nf6
15. O-O-O O-O-O 16. Kb1 Kb8 17. h4 Qe7 18. g3 Ka8 19. Qb3 Ng4 20. Rhf1 Nc8 21.
e4 dxe4 22. Bxe4 Nf6 23. Rfe1 Qd7 24. d5 Nxe4 25. Rxe4 c5 26. Rde1 Rhe8 27. Qa3
Rxe4 28. Rxe4 Qf5 29. Qa5 b6 30. Qa4 Nd6 31. g4 Qd7 32. Qxd7 Rxd7 33. Re3 Kb7
34. Kc2 b5 35. b3 Kb6 36. Kd3 c4+ 37. Kd4 cxb3 38. axb3 a5 39. Re1 Rc7 40. Ne4
Re7 41. f3 f5 42. Re3 fxe4 43. fxe4 b4 44. e5 Nb5+ 45. Ke4 Kc5 46. e6 Nc3+ 47.
Ke5 Nxd5 48. Re1 Nc7 49. Rc1+ Kb6 50. Kd6 Rxe6+ 51. Kd7 Rf6 52. g5 Rf7+ 53. Kd6
Nb5+ 54. Ke6 Rc7 55. Rh1 Nd4+ 56. Kd5 Nxb3 0-1

[Event "Superbet POL Blitz 2024"]
[Site "Warsaw POL"]
[Date "2024.05.12"]
[Round "17.2"]
[White "Praggnanandhaa, R"]
[Black "Wei, Yi"]
[Result "1-0"]
[WhiteTitle "GM"]
[BlackTitle "GM"]
[WhiteElo "2747"]
[BlackElo "2755"]
[WhiteFideId "25059530"]
[BlackFideId "8603405"]
[EventDate "2024.05.11"]

1. Nf3 d5 2. g3 g6 3. c4 dxc4 4. Na3 Be6 5. Bg2 Bg7 6. Qc2 c5 7. Nxc4 Nc6 8. d3
Rc8 9. Qa4 Bd7 10. O-O a6 11. Qd1 b5 12. Ncd2 Nf6 13. Nb3 c4 14. dxc4 bxc4 15.
Nc5 O-O 16. Nxd7 Nxd7 17. Rb1 Nc5 18. Qc2 Qd5 19. Bd2 e5 20. Ng5 Qd7 21. Be3 Nd4
22. Bxd4 exd4 23. Rfd1 h6 24. Nf3 Ne6 25. h4 Qb5 26. Qe4 Rfe8 27. Rdc1 f5 28.
Qc2 h5 29. Rd1 Red8 30. Bf1 Bh6 31. b3 d3 32. exd3 cxd3 33. Qb2 Bg7 34. Qd2 Qb7
35. Qe3 Nc5 36. Ng5 Re8 37. Qf4 Rcd8 38. Rbc1 Rd4 39. Qf3 Qb5 40. a4 Qb6 41. Rc4
Rxc4 42. bxc4 Rd8 43. Bxd3 Nxd3 44. Kg2 Ne5 45. Rxd8+ Qxd8 46. Qb7 Qe8 47. Qd5+
Kh8 48. Kg1 Qf8 49. Ne6 Qe7 50. c5 Bf6 51. c6 Nxc6 52. Qxc6 Kh7 53. Qxa6 Be5 54.
Ng5+ Kg7 55. Qc4 Bf6 56. Ne6+ Kh7 57. a5 Qd6 58. Qc7+ 1-0

[Event "Superbet POL Blitz 2024"]
[Site "Warsaw POL"]
[Date "2024.05.12"]
[Round "17.3"]
[White "Abdusattorov, Nodirbek"]
[Black "Gukesh, D"]
[Result "1/2-1/2"]
[WhiteTitle "GM"]
[BlackTitle "GM"]
[WhiteElo "2766"]
[BlackElo "2764"]
[WhiteFideId "14204118"]
[BlackFideId "46616543"]
[EventDate "2024.05.11"]

1. e4 e5 2. Nf3 Nc6 3. d4 exd4 4. Nxd4 Qf6 5. Be3 Bc5 6. c3 Nge7 7. Bc4 d6 8.
O-O O-O 9. Nxc6 Nxc6 10. Bxc5 dxc5 11. f4 Be6 12. Bb5 Rad8 13. Qe1 Bd7 14. Qf2
b6 15. Nd2 Rfe8 16. a4 Na5 17. f5 Nc6 18. Rad1 h6 19. Qg3 Ne5 20. Nf3 Bxb5 21.
axb5 Rd6 22. Rxd6 Qxd6 23. Ra1 Nc4 24. Qxd6 Nxd6 25. Rxa7 Nxb5 26. Ra4 Nd6 27.
Nd2 b5 28. Ra7 Nxe4 29. Nxe4 Rxe4 30. Rxc7 Re1+ 31. Kf2 Rb1 32. Rxc5 Rxb2+ 33.
Kf3 b4 34. c4 Rc2 35. Rc8+ Kh7 36. f6 b3 37. fxg7 Kxg7 38. Rb8 Rc3+ 39. Kf2 Rc2+
40. Kf3 Rc3+ 41. Kf2 Rc2+ 1/2-1/2

[Event "Superbet POL Blitz 2024"]
[Site "Warsaw POL"]
[Date "2024.05.12"]
[Round "17.4"]
[White "Shevchenko, Kirill"]
[Black "Keymer, Vincent"]
[Result "1-0"]
[WhiteTitle "GM"]
[BlackTitle "GM"]
[WhiteElo "2677"]
[BlackElo "2726"]
[WhiteFideId "14129574"]
[BlackFideId "12940690"]
[EventDate "2024.05.11"]

1. e4 e5 2. Nf3 Nc6 3. Bb5 a6 4. Ba4 Nf6 5. Nc3 Be7 6. Bxc6 dxc6 7. Nxe5 Nxe4 8.
Nxe4 Qd5 9. O-O Qxe5 10. Re1 Be6 11. d3 Qf5 12. Ng3 Qg6 13. Bf4 O-O-O 14. Qd2
Rd5 15. Re5 Rhd8 16. Rae1 b6 17. a3 Kb7 18. Qe2 R8d7 19. Ne4 h5 20. Kh1 h4 21.
h3 Rxe5 22. Bxe5 Bd5 23. f3 c5 24. Qf2 Bc6 25. Nc3 Qg5 26. Bh2 Bf6 27. Rb1 c4
28. Ne4 Bxe4 29. dxe4 Rd2 30. Qf1 Rxc2 31. e5 Be7 32. f4 Qh5 33. Re1 Bc5 34. f5
Rf2 35. Qxc4 Qxf5 36. b4 Rc2 37. Qd5+ c6 38. Qd1 Bf2 39. e6 Bd4 40. Qxd4 1-0

[Event "Superbet POL Blitz 2024"]
[Site "Warsaw POL"]
[Date "2024.05.12"]
[Round "17.5"]
[White "Giri, Anish"]
[Black "Carlsen, Magnus"]
[Result "1/2-1/2"]
[WhiteTitle "GM"]
[BlackTitle "GM"]
[WhiteElo "2745"]
[BlackElo "2830"]
[WhiteFideId "24116068"]
[BlackFideId "1503014"]
[EventDate "2024.05.11"]

1. Nf3 Nf6 2. c4 b6 3. d4 Bb7 4. g3 g6 5. Bg2 Bg7 6. O-O O-O 7. d5 Na6 8. Nc3
Nc5 9. Qc2 c6 10. e4 cxd5 11. exd5 e6 12. dxe6 dxe6 13. Rd1 Qe7 14. Bf4 Rfd8 15.
Be5 a5 16. b3 Rxd1+ 17. Rxd1 Rd8 18. Ne1 Bxg2 19. Kxg2 Rxd1 20. Qxd1 Qb7+ 21.
Qf3 Qxf3+ 22. Kxf3 Nfd7 23. Bxg7 Kxg7 24. Ke3 Kf6 25. h4 e5 26. Nf3 h6 27. Nd2
Ke6 28. a3 f5 29. b4 axb4 30. axb4 Na6 31. Nd5 Kd6 32. Nb1 Nc7 33. Nxc7 Kxc7 34.
Nc3 Nf6 35. f3 g5 36. hxg5 hxg5 37. Kd3 Kd6 38. Nb5+ Kc6 39. Nc3 g4 40. fxg4
Nxg4 41. Nd5 Nh6 42. Ne3 Kd6 43. c5+ bxc5 44. bxc5+ Kxc5 45. Nxf5 Nxf5 46. Ke4
Nxg3+ 47. Kxe5 1/2-1/2

[Event "Superbet POL Blitz 2024"]
[Site "Warsaw POL"]
[Date "2024.05.12"]
[Round "18.1"]
[White "Carlsen, Magnus"]
[Black "Erigaisi, Arjun"]
[Result "1/2-1/2"]
[WhiteTitle "GM"]
[BlackTitle "GM"]
[WhiteElo "2830"]
[BlackElo "2762"]
[WhiteFideId "1503014"]
[BlackFideId "35009192"]
[EventDate "2024.05.11"]

1. e4 e5 2. Nf3 Nc6 3. Nc3 Nf6 4. d4 exd4 5. Nxd4 Bb4 6. Nxc6 bxc6 7. Bd3 O-O 8.
O-O d5 9. exd5 cxd5 10. Bg5 c6 11. Qf3 h6 12. Bxf6 Qxf6 13. Qxf6 gxf6 14. Ne2
Re8 15. Nd4 c5 16. a3 Ba5 17. b4 Bb6 18. bxc5 Bxc5 19. Nf5 h5 20. h3 Rb8 21. g4
hxg4 22. hxg4 Bxf5 23. Bxf5 Kg7 24. Kg2 Re2 25. Kf3 Re5 26. a4 Rh8 27. Rh1 Rxh1
28. Rxh1 a5 29. Rh5 Bb4 30. Rh7+ Kg8 31. Rh6 Kg7 32. Rh7+ Kg8 33. Rh6 Kg7 1/2-1/2

[Event "Superbet POL Blitz 2024"]
[Site "Warsaw POL"]
[Date "2024.05.12"]
[Round "18.2"]
[White "Gukesh, D"]
[Black "Giri, Anish"]
[Result "1/2-1/2"]
[WhiteTitle "GM"]
[BlackTitle "GM"]
[WhiteElo "2764"]
[BlackElo "2745"]
[WhiteFideId "46616543"]
[BlackFideId "24116068"]
[EventDate "2024.05.11"]

1. Nf3 Nf6 2. g3 g6 3. b3 d5 4. Bb2 c5 5. Bg2 Bg7 6. O-O O-O 7. e3 Nc6 8. d4
cxd4 9. Nxd4 Nxd4 10. Bxd4 Qc7 11. Nd2 e5 12. Bb2 Bg4 13. Qc1 Rad8 14. h3 Bf5
15. c4 d4 16. Nf3 dxe3 17. Qxe3 e4 18. Nd4 Bd7 19. Rfd1 a6 20. Ne2 Bc6 21. Bd4
Rfe8 22. Rd2 Nh5 23. Rad1 Bxd4 24. Nxd4 Ng7 25. g4 Bd7 26. Ne2 f5 27. Qg3 Qc8
28. Qh4 fxg4 29. hxg4 Ne6 30. Bxe4 Bc6 31. Rxd8 Nxd8 32. Nc3 Nf7 33. Bd5 Qc7 34.
Qf6 Qe7 35. Qf4 Kg7 36. Kg2 Ne5 37. Re1 g5 38. Qf5 Bd7 39. Rxe5 Bxf5 40. Rxe7+
Rxe7 41. gxf5 Kf6 42. Be6 Ke5 43. Nd5 Re8 44. Kg3 h5 45. f4+ gxf4+ 46. Nxf4 h4+
47. Kg4 Rd8 48. Ng6+ Kf6 49. Bd5 h3 50. Kxh3 Kxf5 51. Nh4+ Kf4 52. Ng2+ Ke5 53.
Bxb7 a5 54. Bd5 Rf8 55. Kg3 Rf1 56. Bc6 Ra1 57. Ba4 Rxa2 58. Kf3 Kd4 59. Ne3 Rh2
60. Nf5+ Kc5 61. Ke4 Rh3 62. Ne3 Rg3 63. Kd3 Rh3 64. Kd2 Rg3 65. Nc2 Rh3 66. Kc1
Rh2 67. Kb2 Rg2 68. Kc3 Rg3+ 69. Kb2 Rg2 70. Be8 Rh2 71. Bf7 Rg2 72. Bd5 Rh2 73.
Kb1 Rh3 74. Ka2 Rh2 75. Kb2 Rh1 76. Ne3 Rh3 77. Nc2 Rh2 78. Kc3 Rh3+ 79. Kb2 Rh2
80. Be4 a4 81. bxa4 Kxc4 82. Bc6 Kc5 83. Bb5 Rg2 84. Kc3 Rg3+ 85. Bd3 Rg4 86.
Kb3 Rg3 87. Nb4 Rg4 88. Na2 Rg3 89. Kc3 Rg4 90. Kb3 Rg3 91. Nc1 Rg1 92. Ne2 Rd1
93. Bc2 Rd8 94. Nc1 Kb6 95. Nd3 Ka5 96. Ka3 Rc8 97. Bb3 Rc3 98. Nb2 Rc8 99. Nc4+
Ka6 100. Bd1 Re8 101. Kb4 Rb8+ 102. Kc3 Re8 103. Bf3 Re6 104. Bg4 Re8 105. Bd7
Rb8 106. Bc6 Rb1 107. Kd4 Ka7 108. Bb5 Rh1 109. Kc5 Rh5+ 110. Kb4 Rh4 111. a5
Rg4 112. Kc5 Rg5+ 113. Kc6 Rg1 114. Nd6 Ra1 115. Nc4 Rh1 116. Kc5 Rh5+ 117. Kb4
Rd5 118. Bc6 Rd4 119. Kc5 Rh4 120. Kb5 Rh5+ 121. Kb4 Rh4 122. Bb5 Rg4 123. a6
Rg6 124. Ka5 Rg1 125. Ba4 Rg5+ 126. Bb5 Rg1 127. Nb6 Rc1 128. Nd5 Ra1+ 1/2-1/2

[Event "Superbet POL Blitz 2024"]
[Site "Warsaw POL"]
[Date "2024.05.12"]
[Round "18.3"]
[White "Keymer, Vincent"]
[Black "Praggnanandhaa, R"]
[Result "0-1"]
[WhiteTitle "GM"]
[BlackTitle "GM"]
[WhiteElo "2726"]
[BlackElo "2747"]
[WhiteFideId "12940690"]
[BlackFideId "25059530"]
[EventDate "2024.05.11"]

1. Nf3 Nf6 2. c4 Nc6 3. d4 e6 4. a3 g6 5. Nc3 Bg7 6. e4 d6 7. Be2 O-O 8. O-O Re8
9. h3 e5 10. d5 Nd4 11. Be3 c5 12. dxc6 Nxe2+ 13. Qxe2 bxc6 14. Rfd1 Qe7 15. b4
Bb7 16. a4 Red8 17. b5 cxb5 18. axb5 Nxe4 19. Nxe4 Bxe4 20. Ra4 d5 21. Ng5 Bxg2
22. Kxg2 d4 23. Bd2 h6 24. Ne4 f5 25. Ng3 e4 26. Bb4 Qb7 27. c5 d3 28. Qa2+ Kh7
29. Qe6 e3+ 30. Qc6 Qf7 31. fxe3 Qb3 32. Ra6 Qxd1 33. Qxg6+ Kh8 34. Nxf5 Rg8 35.
Kh2 Be5+ 0-1

[Event "Superbet POL Blitz 2024"]
[Site "Warsaw POL"]
[Date "2024.05.12"]
[Round "18.4"]
[White "Wei, Yi"]
[Black "Abdusattorov, Nodirbek"]
[Result "1-0"]
[WhiteTitle "GM"]
[BlackTitle "GM"]
[WhiteElo "2755"]
[BlackElo "2766"]
[WhiteFideId "8603405"]
[BlackFideId "14204118"]
[EventDate "2024.05.11"]

1. e4 Nc6 2. Nf3 e5 3. Nc3 Nf6 4. Bb5 Bd6 5. d3 h6 6. a3 O-O 7. g4 Na5 8. g5
hxg5 9. Bxg5 c6 10. Bc4 Nxc4 11. dxc4 Be7 12. Rg1 d5 13. cxd5 cxd5 14. Bxf6 Bxf6
15. Nxd5 Be6 16. c4 b5 17. cxb5 Rc8 18. a4 Rc4 19. Nc3 Qa5 20. Nd2 Rd4 21. Qf3
Qd8 22. Nf1 Bg5 23. Ne3 g6 24. Ned5 Kg7 25. Qg3 Bd2+ 26. Kf1 Qd6 27. Qf3 Bf4 28.
Ne2 Bxd5 29. Nxd4 Bc4+ 30. Ne2 Rd8 31. b3 Bd3 32. Rd1 Qd7 33. Kg2 Bg5 34. Kh1 f6
35. Rxg5 fxg5 36. Nc1 Rf8 37. Qxd3 Qg4 38. Qd7+ 1-0

[Event "Superbet POL Blitz 2024"]
[Site "Warsaw POL"]
[Date "2024.05.12"]
[Round "18.5"]
[White "Duda, Jan-Krzysztof"]
[Black "Shevchenko, Kirill"]
[Result "1-0"]
[WhiteTitle "GM"]
[BlackTitle "GM"]
[WhiteElo "2734"]
[BlackElo "2677"]
[WhiteFideId "1170546"]
[BlackFideId "14129574"]
[EventDate "2024.05.11"]

1. Nf3 Nf6 2. g3 g6 3. b3 d5 4. Bb2 c5 5. c4 d4 6. b4 Bg7 7. Bg2 O-O 8. O-O Re8
9. bxc5 e5 10. e3 Nc6 11. Na3 Nd7 12. Nb5 Nxc5 13. Ba3 Ne4 14. Nh4 a6 15. Bxe4
axb5 16. cxb5 f5 17. Bg2 Rxa3 18. bxc6 e4 19. Qc1 Qd6 20. cxb7 Bxb7 21. Rb1 Ba6
22. Re1 Rxa2 23. Ra1 Rxa1 24. Qxa1 Bc8 25. Qa5 Qd8 26. Qc5 Re5 27. Qxd4 Rd5 28.
Qc4 Kh8 29. d4 g5 30. Rc1 Be6 31. Nxf5 Bxf5 32. Qc6 h6 33. Ra1 Kh7 34. Ra7 Qd6
35. Qe8 Qg6 36. Qe7 Rb5 37. h3 Rb1+ 38. Kh2 h5 39. d5 Rb2 40. Kg1 Rb1+ 41. Kh2
Rd1 42. Qe5 Kh6 43. Rxg7 Qxg7 44. Qxf5 h4 45. Bxe4 hxg3+ 46. Kxg3 Qc7+ 47. Kg2
Qe7 48. Qg6# 1-0